[Event "Leutersdorf Muench Braeu op 11th"]
[Site "Leutersdorf"]
[Date "2006.02.15"]
[Round "6"]
[White "Bronowicki, Mateusz"]
[Black "Byhan, Markus"]
[Result "1-0"]
[WhiteElo "2237"]
[BlackElo "2018"]
[PlyCount "109"]
[EventDate "2006.02.11"]
[EventType "swiss"]
[EventRounds "9"]
[EventCountry "GER"]
[SourceTitle "CBM 110 Extra"]
[Source "ChessBase"]
[SourceDate "2006.03.10"]
[SourceVersion "2"]
[SourceVersionDate "2006.03.10"]
[SourceQuality "1"]

1. d4 d5 2. c4 c6 3. Nc3 Nf6 4. Nf3 e6 5. e3 Bd6 6. Bd3 0-0 7. b3 Nbd7 8. Bb2 e5 9. cxd5 cxd5 10. dxe5 Nxe5 11. Be2 Re8 12. 0-0 Be6 13. Rc1 Qe7 14. Nb5 Nfg4 15. Nxd6 Qxd6 16. Nxe5 Nxe5 17. f4 Nc6 18. f5 Bd7 19. f6 Rxe3 20. fxg7 Ne5 21. Bh5 Be6 22. Qd2 Re4 23. Rce1 Ng4 24. Bxg4 Rxg4 25. Be5 Qc5+ 26. Kh1 d4 27. h3 Rh4 28. Bf6 Rh5 29. Qxd4 Qc6 30. Kh2 Rd5 31. Qe3 Qd7 32. Rc1 Rd3 33. Qf4 Bxh3 34. Rc7 Qe6 35. Re7 Qg4 36. Qxg4 Bxg4 37. Rxb7 Rd2 38. Bg5 Rd7 39. Rxd7 Bxd7 40. Rd1 Be6 41. Bf6 h5 42. Rc1 Kh7 43. Rc5 Bg4 44. b4 a6 45. a3 Re8 46. Rd5 Be2 47. Kg3 Bg4 48. Kf4 Be2 49. Re5 Rxe5 50. Kxe5 Bb5 51. g3 Ba4 52. Kd5 Bb5 53. Kc5 Kg8 54. Kb6 Kh7 55. Ka5 1-0

[Event "Leutersdorf Muench Braeu op 08th"]
[Site "Leutersdorf"]
[Date "2003.02.13"]
[Round "5"]
[White "Byhan, Markus"]
[Black "Slawtschew, Slavtscho"]
[Result "1-0"]
[WhiteElo "1704"]
[BlackElo "1663"]
[PlyCount "59"]
[EventDate "2003.02.12"]
[EventType "swiss"]
[EventRounds "9"]
[EventCountry "GER"]
[SourceTitle "CBM 092 Extra"]
[Source "ChessBase"]
[SourceDate "2003.03.07"]
[SourceVersion "1"]
[SourceVersionDate "2003.03.07"]
[SourceQuality "1"]

1. e4 c5 2. Nf3 d6 3. Bc4 Nf6 4. Nc3 Nc6 5. d4 cxd4 6. Nxd4 a6 7. a4 Rb8 8. 0-0 g6 9. h3 Bg7 10. Be3 0-0 11. Qd2 Bd7 12. f4 Nxd4 13. Bxd4 Qc7 14. Bb3 e5 15. Be3 Bc6 16. Qd3 Rfe8 17. f5 Rf8 18. fxg6 hxg6 19. Rad1 Rbc8 20. Bg5 Qb6+ 21. Kh2 Nd7 22. Qxd6 Kh7 23. Bxf7 Nf6 24. Bxf6 Rxf7 25. Bxg7 Rxg7 26. Nd5 Qxb2 27. Nf6+ Kh6 28. Qe6 Rcc7 29. Qg4 Rgf7 30. Rd8 1-0